000 01198nam a2200325 a 4500
001 000113143
003 CHAP
005 20220329144340.0
008 170502s2016 mx a fsm |||||||spa d
010 _a109604
011 _a110576
040 _cCHAP
090 _aTesis
100 1 _aRoldan Guzmán, Valeria
_9132080
245 1 0 _aCultivo de lilium (Lilium sp.) tipo oriental CV.Tabledance en un sistema acúaponico /
_h[En línea]
_cpor Valeria Roldan Guzmán.
260 _aChapingo, Méx. :
_bEl autor,
_c2016.
500 _aPara ver el contenido del material haga clic en la liga
502 _aTesis (Agrónomo en Horticultura Protegida) -- UACH. Departamento de Fitotecnia
590 _aE11695DGD
_b10
_c20170502
_lUCH01
_h1029
590 _aE8697GMM
_b05
_c20170502
_lUCH01
_h0946
590 _aE8697GMM
_b05
_c20170502
_lUCH01
_h1002
650 1 4 _aFertilizantes
_xAplicación.
_940450
650 1 4 _aLilium
_xCultivos acuapónicos
_xRendimiento.
_9132082
650 1 4 _aSoluciones nutritivas
_xAplicación.
_9130911
700 1 _aGarcía Jaimes, Angel
_9132081
856 _aFinding aid
_uhttp://10.13.5.2/tesis/sist113143
_zTeclea aquí
901 _aBK
942 _cTESIS
942 _n0
999 _c109604
_d109604